| 000 | 03900cam a22004817a 4500 | ||
|---|---|---|---|
| 001 | 16453240 | ||
| 003 | OSt | ||
| 005 | 20230704115819.0 | ||
| 008 | 100910s2009 quc b 001 0 eng d | ||
| 010 | _a 2010502234 | ||
| 015 |
_aGBA8B8784 _2bnb |
||
| 016 | 7 |
_a014777368 _2Uk |
|
| 020 | _a9780773534346 (hbk. : acidfree paper) | ||
| 020 | _a0773534342 (hbk. : acidfree paper) | ||
| 020 | _a9780773534384 (pbk. : acidfree paper) | ||
| 020 | _a0773534385 (pbk. : acidfree paper) | ||
| 035 | _a(OCoLC)ocn262719229 | ||
| 040 |
_aUKM _cUKM _dCDX _dBWX _dSDB _dIWA _dMAC _dALAUL _dBTCTA _dYDXCP _dBAKER _dDLC |
||
| 042 | _alccopycat | ||
| 043 | _an-cn--- | ||
| 050 | 0 | 0 |
_aF1029 _b.A13 2009 |
| 082 | 0 | 4 |
_a353 _222 _bUNG |
| 245 | 0 | 0 |
_aForeign policy _cedited by Robert Bothwell and Jean Daudelin. |
| 246 | 3 | _aOne hundred years of Canadian foreign policy | |
| 260 |
_aMontréal, Québec, Ithaca, NY : _bMcGill-Queen's University Press ; _aChesham : _bCombined Academic [distributor], _c2009. |
||
| 300 |
_axii, 400 p. ; _c23 cm. |
||
| 490 | 1 | _aCanada among nations 2008 | |
| 500 | _a"Published for the Norman Paterson School of International Affaris, Carleton University, in cooperation with The Centre for International Governance Innovation." | ||
| 504 | _aIncludes bibliographical references and index. | ||
| 505 | 0 | _aForeign affairs a hundred years on / Robert Bothwell -- "A sad, general decline?": the Canadian diplomat in the 20th century / Greg Donaghy -- Managers, innovators and diplomats: Canada's foreign ministers / Gerald Wright -- Old wine, new bottles: Canadian economic multilateralism and the North Atlantic triangle, 1941-1947 / Kathleen Rasmussen -- The interplay of defence and foreign policy / Roger Sarty -- Canada's contribution to international law / William A. Schabas -- "And who is my neighbour?" Refugees, public opinion, and policy in Canada since 1900 / Julie Gilmour -- Foreign aid and Canadian purpose: influence and policy in Canada's international development assistance / Ian Smillie -- Tools and levers: energy as an instrument of Canadian foreign policy / Duane Bratt -- A special relationship? The importance of France in Canadian foreign policy / Justin Massie -- From King to Kandahar: Canada, multilateralism and conflict in the Pacific, 1909-2009 / John Meehan and David Webster -- Chinese shadows / Fred Edwards -- The transatlantic romance of the North Atlantic triangle: narratives of autonomy and empire in Canadian foreign relations / Cara Spittal -- And the beat goes on: "identity" and Canadian foreign policy / David G. Haglund. | |
| 520 | _aThe editors take a critical look at the now almost mainstream "declinist" thesis and at the continued relevance of Canada's relationships with its principal allies - the United Kingdom, France, and the United States. Contributors discuss a broad range of themes, including the weight of a changing identity in the evolution of the country's foreign policy, the fate of Canadian diplomacy as a profession, the often complicated relationship between foreign and trade policies, the impact of immigration and refugee procedures on foreign policy, and the evolving understanding of development and defence as components of Canada's foreign policy. | ||
| 651 | 0 |
_aCanada _xForeign relations. |
|
| 651 | 0 |
_aCanada _xPolitics and government. |
|
| 651 | 0 |
_aCanada _xHistory. |
|
| 700 | 1 | _aBothwell, Robert. | |
| 700 | 1 |
_aDaudelin, Jean, _d1960- |
|
| 710 | 2 | _aNorman Paterson School of International Affairs. | |
| 776 | 0 | 8 |
_iOnline version: _t100 years of Canadian foreign policy. _dMontréal, Québec : McGill-Queen's University Press ; Chesham : Combined Academic [distributor], 2009 _w(OCoLC)653377748 |
| 830 | 0 | _aCanada among nations. | |
| 906 |
_a7 _bibc _ccopycat _d2 _encip _f20 _gy-gencatlg |
||
| 942 |
_2ddc _cBK |
||
| 999 |
_c3765 _d3765 |
||